Генеральный план электрификации СССР. Т. 1: Энергоресурсы (Запись № 13584436)

Подробности
000 -МАРКЕР
контрольное поле 01212nam2a2200229 4500
001 - ИДЕНТИФИКАТОР ЗАПИСИ
контрольное поле rc\2877420
005 - ИДЕНТИФИКАТОР ВЕРСИИ
контрольное поле 20260315052117.0
035 ## - ДРУГИЕ СИСТЕМНЫЕ НОМЕРА
Идентификатор записи (NLR Aleph) 007030461
100 ## - ДАННЫЕ ОБЩЕЙ ОБРАБОТКИ
Данные общей обработки 20110718d1932 u y0rusy50 ca
101 0# - ЯЗЫК РЕСУРСА
Язык текста, звукозаписи и т.д. русский
102 ## - СТРАНА ПУБЛИКАЦИИ ИЛИ ПРОИЗВОДСТВА
Страна публикации Российская Федерация
105 ## - ПОЛЕ КОДИРОВАННЫХ ДАННЫХ: ТЕКСТОВЫЕ МАТЕРИАЛЫ, МОНОГРАФИЧЕСКИЕ
Кодированные данные о монографическом текстовом документе ab z |||||
200 1# - ЗАГЛАВИЕ И СВЕДЕНИЯ ОБ ОТВЕТСТВЕННОСТИ
Основное заглавие Энергоресурсы
210 ## - ПУБЛИКАЦИЯ, РАСПРОСТРАНЕНИЕ И ДР.
Дата издания, распространения и т.д. 1932
215 ## - ФИЗИЧЕСКАЯ ХАРАКТЕРИСТИКА
Специфическое обозначение материала и объем Обл., XII, 480 с., включ. тит. л.
Другие сведения о физической характеристике диагр., карт.
Сопроводительный материал 1 отд. вкл. л. карт.
461 #0 - УРОВЕНЬ НАБОРА
Встроенное поле 001rc\2877419
-- 2001#$aГенеральный план электрификации СССР$eМатериалы к Всес. конф-ции. Т. I-$fПод ред. Г.И. Ломова$gГосплан СССР. Организационный ком-т по составлению генерального плана электрификации СССР$vТ. 1
Системный номер (АБИС) связанной записи 5998009
Место публикации Москва
Дата публикации 1932
Первые сведения об ответственности Под ред. Г.И. Ломова
Имя издателя, распространителя и т.д. Гос. соц.-экон. изд.
Сведения, относящиеся к заглавию Материалы к Всес. конф-ции. Т. I-
Заглавие Генеральный план электрификации СССР
Номер тома Т. 1
801 #0 - ИСТОЧНИК ЗАПИСИ
Страна Российская Федерация
Организация NLR
Правила каталогизации psbo
801 #1 - ИСТОЧНИК ЗАПИСИ
Страна Российская Федерация
Организация ELAR
Источник данных rusmarc
852 ## - МЕСТОНАХОЖДЕНИЕ И ШИФР ХРАНЕНИЯ
Идентификатор организации NLR
Шифр хранения (Call Number) 32-17/362(1)
942 ## - ДОПОЛНИТЕЛЬНЫЕ ЭЛЕМЕНТЫ ЗАПИСИ (АБИС)
Тип экземпляра АБИС Неопределено
980 ## - КОЛЛЕКЦИЯ
Название коллекции Национальная библиография

Нет доступных экземпляров.